| 000 | 00465nam a22001577a 4500 | ||
|---|---|---|---|
| 005 | 20231124091951.0 | ||
| 008 | 231124b |||||||| |||| 00| 0 eng d | ||
| 041 | _aEnglish | ||
| 082 | _a341.3 | ||
| 100 | _lEnglish | ||
| 245 | _aInternational and Regional Conventions / Protocols Which Namibia Namibia have Ratified | ||
| 260 | _c1990 - 2004 | ||
| 300 |
_b7 pages ; _c30,3 cm. |
||
| 650 |
_aLegal practice _bLaw |
||
| 942 |
_cBK _6ALISON_BN_VRIES |
||
| 999 |
_c933 _d933 |
||